003850000a220010900045001000023000002450052000233000038000757730047001139420008001609520090001689990017002581 aBrettler, Marc Zvi10aIncompatible metaphors for YHWH in Isaiah 40-66 aNúm 78 (1998), Páginas 97-1200 tJournal for the Study of the Old Testament cANA 001040708HEMaFUSBCbFUSBCd2016-01-26l0o r2016-01-26 00:00:00w2016-01-26yANA c54828d54828